London offices market analysis (Record no. 81940)
[ view plain ]
| 000 -LEADER | |
|---|---|
| fixed length control field | 01023cab a22002055a 4500 |
| 001 - CONTROL NUMBER | |
| control field | L148740 |
| 008 - FIXED-LENGTH DATA ELEMENTS--GENERAL INFORMATION | |
| fixed length control field | 091030e2009102 xxk 000 0 eng d |
| 035 ## - SYSTEM CONTROL NUMBER | |
| System control number | (Sirsi) u148740 |
| 041 0# - LANGUAGE CODE | |
| Language code of text/sound track or separate title | eng |
| 110 2# - MAIN ENTRY--CORPORATE NAME | |
| Corporate name or jurisdiction name as entry element | Estates Gazette |
| 9 (RLIN) | 298 |
| 245 00 - TITLE STATEMENT | |
| Title | London offices market analysis |
| 260 ## - PUBLICATION, DISTRIBUTION, ETC. | |
| Date of publication, distribution, etc. | 2009 |
| 490 ## - SERIES STATEMENT | |
| Series statement | Estates Gazette |
| Volume/sequential designation | (0942) 24 October 2009, 83-98(16) |
| 490 ## - SERIES STATEMENT | |
| Series statement | Estate Gazette London Offices Market Analysis |
| Volume/sequential designation | (issue 3) July-September 2009, 1-16(17) |
| 520 ## - SUMMARY, ETC. | |
| Summary, etc. | Take up, supply, availability rates, asking rents, construction and investment trends for various locations across London between July and September 2009. Occupier demand, despite a slight improvement on 2Q 2009, is at a low level and an abundance of secondary stock is lying vacant. Yields are showing signs of hardening for prime stock. Overseas capital dominates the investment market. The outlook is cautiously optimistic |
| 590 ## - LOCAL NOTE (RLIN) | |
| Local note | KA |
| 651 #4 - SUBJECT ADDED ENTRY--GEOGRAPHIC NAME | |
| Geographic name | London |
| 690 ## - LOCAL SUBJECT ADDED ENTRY--TOPICAL TERM (OCLC, RLIN) | |
| Topical term or geographic name as entry element | PROPERTY-OFFICE PROPERTY-OFFICE PROPERTY MARKET |
| 942 ## - ADDED ENTRY ELEMENTS (KOHA) | |
| Suppress in OPAC | 0 |
| Withdrawn status | Lost status | Source of classification or shelving scheme | Damaged status | Not for loan | Home library | Current library | Shelving location | Date acquired | Total Checkouts | Full call number | Barcode | Date last seen | Copy number | Price effective from | Koha item type |
|---|---|---|---|---|---|---|---|---|---|---|---|---|---|---|---|
| Dewey Decimal Classification | London | London | Journal article | 30/10/2009 | L148740 | 148740-1001 | 06/08/2019 | 1 | 06/08/2019 | Journal article |